000 05369nkm0a2200601 4500
001 RU\NLR\BIBL_A\022554590
005 20260605121941.0
035 _a(NLR Aleph) 022554590
090 _a13432673
_c13432673
100 _a20250530f18801889 y0rusy50 ca
101 0 _arus
102 _aRU
116 _afiybxx xx zz
135 _acrcn 024anaba
181 0 _ab4
_bxb2e
182 0 _an
200 1 _a[Санкт-Петербург
_iБольшая Конюшенная улица
_eфотография]
203 _aИзображение
_bнеподвижное
_bдвухмерное
_bвизуальное
_cнепосредственное
210 _a[Санкт-Петербург
_d188-?]
215 _a1 л.
_d9,1х14,7
316 _aЭкз. РНБ на шифре Э ФТ63/1-Л452, инв.087600: на оборот. стороне рукоп. запись чернилами: "Соб. [нрзб.] 1937 г.", рукоп. записи карандашом: "Б. Конюшенная гостиница Демута", "58". Экз. дефектный: утрачены левый верхний и левый нижний углы
_5NLR: Э ФТ63/1-Л452
325 _aКопия доступна в Электрон. б-ке РНБ
327 0 _aПерспектива Большой Конюшенной улицы в Санкт-Петербурге в направлении к Невскому проспекту, справа Французская реформатская церковь и гостиница "Демут"
606 1 _aФотография художественная русская
_z19 в.
_2nlr_sh2
_3RU\NLR\AUTH\661550974
606 1 _aЦеркви и соборы
_yСанкт-Петербург, город
_jФотографии
_2nlr_sh1
_2nlr_sh2
_3RU\NLR\AUTH\661205114
606 1 _aГостиницы
_yСанкт-Петербург, город
_jФотографии
_2nlr_sh2
_3RU\NLR\AUTH\6601565974
607 _aСанкт-Петербург, город
_jФотографии
_2nlr_sh1
_2nlr_sh2
_3RU\NLR\AUTH\66440586
607 _aБольшая Конюшенная улица (Санкт-Петербург)
_jФотографии
_2nlr_sh1
_3RU\NLR\AUTH\661393158
610 1 _aВидовые фотографии
617 _aРоссия
_cСанкт-Петербургская губерния
_cСанкт-Петербургский уезд
_dСанкт-Петербург, город
_eФранцузская реформатская церковь
_kКазанская часть
_kБольшая Конюшенная улица
617 _aРоссия
_cСанкт-Петербургская губерния
_cСанкт-Петербургский уезд
_dСанкт-Петербург, город
_eГостиница Демута
_kКазанская часть
_kБольшая Конюшенная улица
617 _aРоссия
_cСанкт-Петербургская губерния
_cСанкт-Петербургский уезд
_dСанкт-Петербург, город
_kКазанская часть
_kНевский проспект
686 0 _aЩ163(2Р=Рус)5
712 0 2 _aФранцузская реформатская церковь
_cПетербург
_3RU\NLR\AUTH\880628491
_4570
712 0 2 _a"Демут", гостиница
_cПетербург
_3RU\NLR\AUTH\880628492
_4570
830 _a"Французская реформатская церковь", "Гостиница "Демут" (дома П. П. фон Дервиза)": Памятники истории и культуры Санкт-Петербурга, состоящие под государственной охраной : справочник. Санкт-Петербург : Альт-Софт, 2005. С. 741 (№ 2993, 2994). АЯ ОЭФ
830 _a"Французская реформатская церковь": https://www.citywalls.ru/house3633.html (30.05.2025). АЯ ОЭФ
830 _a"Демутов трактир - Гостиница "Демут" - Театр эстрады им. А. И. Райкина (по Большой Конюшенной ул.)": https://www.citywalls.ru/house25065.html (30.05.2025). АЯ ОЭФ
830 _aДатировка: [между 1858 и 1894]. 1858 - перестройка здания Французской реформатской церкви; 1894 - надстройка 5-го этажа гостиницы. АЯ ОЭФ
852 0 0 _aNLR
_bЭ
_jФТ63/1-Л452
_mинв.087600
856 0 _uhttps://vivaldi.nlr.ru/lh700000255/view
856 1 _uhttps://vivaldi.nlr.ru/lh700000255/cover
856 2 _uhttps://vivaldi.nlr.ru/lh700000255/text
942 _cVISUAL
980 _aNB
981 4 3 _a(43) Тематическая подборка Санкт-Петербург
_b(43) Площади. Улицы. Набережные. Мосты
981 3 4 _a(34) Санкт-Петербург
_b(34) Фотографии Санкт-Петербурга-Петрограда-Ленинграда
981 1 7 _a(17) Изографические материалы
_b(17) Фотографии